00948nac a22002411u 4500010001500000020001500015035002300030082002100053090001300074100003400087245004800121260005500169300003500224504005100259650003000310650003000340650002300370856008700393856007500480942002300555999001300578952011500591 a2002275148 a0072132337 a(OCoLC)ocm4763712700a621.382/1bC5921 c635d635 aClark, Chris. 10aNetwork cabling handbook /cby Chris Clark. aNew York ;aLondon :bMcGraw-Hill/Osborne,cc2002. axxix, 769 p. :bill. ;c24 cm. aIncludes bibliographical references and index. 0aTelecommunication cables. 0aTelecommunication wiring. 0aComputer networks.423Publisher descriptionuhttp://www.loc.gov/catdir/description/mh024/2002275148.html423Table of contentsuhttp://www.loc.gov/catdir/toc/mh023/2002275148.html cBBk621.382/1C5921 c635d635 00102ddc40708 aMAINbMAINc1STd2006-07-20epurchasel0o621.3821 CLAp000003971r2025-07-15 00:00:00yBB